Flag Chain Quiz - Statistics

General Stats
  • This quiz has been taken 1,454 times
    835 since last reset
  • The average score is 21 of 24
Answer Stats
Picture Answer % Correct
Nepal
97%
Egypt
96%
Russia
94%
Ukraine
94%
Luxembourg
93%
Netherlands
93%
New Zealand
93%
Qatar
93%
Romania
93%
Austria
91%
Iraq
91%
San Marino
90%
Dominican Republic
89%
Afghanistan
88%
Oman
87%
Uzbekistan
87%
Azerbaijan
86%
Niger
86%
Eswatini
84%
Tajikistan
84%
Antigua and Barbuda
83%
Nauru
83%
Guinea-Bissau
78%
Cape Verde
74%
No matching quizzes found
Score Distribution
Percent of People with Each Score
Percentile by Number Answered
Your Score History
You have not taken this quiz since the last reset